00677nam a2200181Ia 4500003000900000008004100009020001800050040001600068080001700084100002800101245013400129260003500263300001500298650002600313942000700339999001700346952013200363IN-BaIIA211028s9999 xx 000 0 eng d a81-88661-08-2 cIIA Library a5:92bPAR-II aParthasarathy, R928682 0aPaths of innovatorsbin science, engineering and technology: vol.2cR. Parthasarathy  aChennaibEast-West Booksc2003 axxv, 147p. aScientists- biography cBK c15547d15547 00104070aBANbBANcGENd2003-12-19eINT g300.00l0o5:92/ PAR-IIp16469r2026-04-28v300.00w2003-12-19yBKGRs. 300.00